00599nam a2200193Ia 4500008004100000020001500041082001700056100001900073245003300092250000700125260003400132300002900166500000700195600003400202650001500236942000700251952013200258999001500390240925s9999 xx 000 0 und d a007123201X a621.3824 KRA aKraus, John D. 0aAntennas For All Application aNA aBoston:bMC Graw-Hillc,2003. axxii,804p.bNAfOriginal aNA aTelecommunication Engineering aTechnology cBK 001040708ELaUITUbUITUd2004-03-22eKhaliq book Binderg762.70l0o621.3824 KRApQ5585r2024-09-25 07:13:54w2024-09-25yBK c8084d8084